Mini quilts: fresh, fun patterns to quilt in a snap (Record no. 768759)

MARC details
000 -LEADER
fixed length control field 00731nam a22002057a 4500
003 - CONTROL NUMBER IDENTIFIER
control field 3228
005 - DATE AND TIME OF LATEST TRANSACTION
control field 20241010121322.0
008 - FIXED-LENGTH DATA ELEMENTS--GENERAL INFORMATION
fixed length control field 241010b sa ||||| |||| 00| 0 eng d
020 ## - INTERNATIONAL STANDARD BOOK NUMBER
International Standard Book Number 9781621137962
Terms of availability Book
Qualifying information Pbk
040 ## - CATALOGING SOURCE
Original cataloging agency RDA
Transcribing agency 3228
082 ## - DEWEY DECIMAL CLASSIFICATION NUMBER
Classification number 746.46 DAVI
100 ## - MAIN ENTRY--PERSONAL NAME
Personal name Davis, Jodie
Relator term Author
9 (RLIN) 189752
245 ## - TITLE STATEMENT
Title Mini quilts: fresh, fun patterns to quilt in a snap
Statement of responsibility, etc. Davis Jodie and Davis Jayne [Authors], Little Ashley [editor], Mullen Shawna [executive editor]
300 ## - PHYSICAL DESCRIPTION
Extent 171 pages;
Other physical details color illustrations
Dimensions 25.5cm x 20.4 cm
500 ## - GENERAL NOTE
General note Include index
700 ## - ADDED ENTRY--PERSONAL NAME
Personal name Davis Jayne
Relator term Author
9 (RLIN) 189753
700 ## - ADDED ENTRY--PERSONAL NAME
Personal name Mullen Shawna
Relator term executive editor
9 (RLIN) 189754
700 ## - ADDED ENTRY--PERSONAL NAME
Personal name Little Ashley
Relator term Editor
9 (RLIN) 189755
942 ## - ADDED ENTRY ELEMENTS
Source of classification or shelving scheme Dewey Decimal Classification
item type Books
-- 209
-- Sizakele Vilanculo
-- 209
-- Sizakele Vilanculo
Holdings
Withdrawn status Lost status Source of classification or shelving scheme Damaged status Not for loan Collection code Home library Current library Shelving location Date acquired Total Checkouts Full call number Barcode Date last seen Price effective from item type
    Dewey Decimal Classification     700: Arts & Recreation Kamhlushwa Kamhlushwa Non Fiction 10.10.2024   746.46 DAVI 3322803179280 10.10.2024 10.10.2024 Books